<?xml version="1.0" encoding="UTF-8"?>
<collection xmlns="http://www.loc.gov/MARC21/slim">
 <record>
  <leader>01420nam a22002177a 4500</leader>
  <controlfield tag="001">NCT_91850</controlfield>
  <controlfield tag="008">211018b        xxu||||| |||| 00| 0 vie d</controlfield>
  <datafield tag="999" ind1=" " ind2=" ">
   <subfield code="c">4537</subfield>
   <subfield code="d">4537</subfield>
  </datafield>
  <datafield tag="020" ind1=" " ind2=" ">
   <subfield code="a">9786049827587</subfield>
   <subfield code="c">280000</subfield>
  </datafield>
  <datafield tag="082" ind1="0" ind2="4">
   <subfield code="2">23rd ed.</subfield>
   <subfield code="a">347.597</subfield>
   <subfield code="b">T502</subfield>
  </datafield>
  <datafield tag="100" ind1="1" ind2=" ">
   <subfield code="a">Nguyễn Văn Tuân</subfield>
  </datafield>
  <datafield tag="245" ind1="1" ind2="0">
   <subfield code="a">Dịch vụ pháp lý ở Việt Nam thực trạng và định hướng phát triển</subfield>
   <subfield code="c">Nguyễn Văn Tuân</subfield>
  </datafield>
  <datafield tag="260" ind1=" " ind2=" ">
   <subfield code="a">H.</subfield>
   <subfield code="b">Lao động</subfield>
   <subfield code="c">2019</subfield>
  </datafield>
  <datafield tag="300" ind1=" " ind2=" ">
   <subfield code="a">510 tr.</subfield>
   <subfield code="c">24cm</subfield>
  </datafield>
  <datafield tag="520" ind1="3" ind2=" ">
   <subfield code="a">Nội dung giới thiệu về những vấn đề lý luận về dịch vụ pháp lý, dịch vụ pháp lý của luật sư, dịch vụ pháp lý của các tổ chức xã hội, trợ giúp pháp lý, nhu cầu và định hướng phát triển dịch vụ pháp lý ở Việt Nam</subfield>
  </datafield>
  <datafield tag="653" ind1=" " ind2=" ">
   <subfield code="a">Luật học</subfield>
  </datafield>
  <datafield tag="942" ind1=" " ind2=" ">
   <subfield code="2">ddc</subfield>
   <subfield code="c">BK</subfield>
  </datafield>
  <datafield tag="952" ind1=" " ind2=" ">
   <subfield code="0">0</subfield>
   <subfield code="1">0</subfield>
   <subfield code="2">ddc</subfield>
   <subfield code="4">0</subfield>
   <subfield code="6">347_597000000000000_T502</subfield>
   <subfield code="7">0</subfield>
   <subfield code="9">21585</subfield>
   <subfield code="a">000001</subfield>
   <subfield code="b">000001</subfield>
   <subfield code="d">2021-10-18</subfield>
   <subfield code="o">347.597 T502</subfield>
   <subfield code="p">MD.18847</subfield>
   <subfield code="r">2021-10-18</subfield>
   <subfield code="v">280000.00</subfield>
   <subfield code="w">2021-10-18</subfield>
   <subfield code="y">BK</subfield>
  </datafield>
  <datafield tag="952" ind1=" " ind2=" ">
   <subfield code="0">0</subfield>
   <subfield code="1">0</subfield>
   <subfield code="2">ddc</subfield>
   <subfield code="4">0</subfield>
   <subfield code="6">347_597000000000000_T502</subfield>
   <subfield code="7">0</subfield>
   <subfield code="9">21586</subfield>
   <subfield code="a">000001</subfield>
   <subfield code="b">000001</subfield>
   <subfield code="d">2021-10-18</subfield>
   <subfield code="o">347.597 T502</subfield>
   <subfield code="p">MD.18848</subfield>
   <subfield code="r">2021-10-18</subfield>
   <subfield code="v">280000.00</subfield>
   <subfield code="w">2021-10-18</subfield>
   <subfield code="y">BK</subfield>
  </datafield>
  <datafield tag="952" ind1=" " ind2=" ">
   <subfield code="0">0</subfield>
   <subfield code="1">0</subfield>
   <subfield code="2">ddc</subfield>
   <subfield code="4">0</subfield>
   <subfield code="6">347_597000000000000_T502</subfield>
   <subfield code="7">0</subfield>
   <subfield code="9">21587</subfield>
   <subfield code="a">000001</subfield>
   <subfield code="b">000001</subfield>
   <subfield code="d">2021-10-18</subfield>
   <subfield code="o">347.597 T502</subfield>
   <subfield code="p">MD.18849</subfield>
   <subfield code="r">2021-10-18</subfield>
   <subfield code="v">280000.00</subfield>
   <subfield code="w">2021-10-18</subfield>
   <subfield code="y">BK</subfield>
  </datafield>
  <datafield tag="980" ind1=" " ind2=" ">
   <subfield code="a">Thư viện Trường Đại học Nam Cần Thơ</subfield>
  </datafield>
 </record>
</collection>
